|
|
|
|
| LEADER |
00000cam a2200000 a 4500 |
| 001 |
vtls008385386 |
| 003 |
SK-MaSNL |
| 005 |
20260301102922.0 |
| 008 |
251104s1930 xo h g 000 0 hun |
| 015 |
|
|
|a SNBA19191938-005684
|
| 035 |
|
|
|a SK01SNKBIKKM20010077603
|
| 035 |
|
|
|a urn:nbn:sk:snk-am3hkxk
|
| 035 |
|
|
|a D92B5F86-9843-46EF-99FA-F93BC03A0210
|
| 035 |
|
|
|a urn:nbn:sk:snk-am00d40f
|
| 035 |
|
|
|a SKM000080066
|
| 040 |
|
|
|a SNK
|b slo
|c SNK
|e AACR2
|
| 041 |
0 |
|
|a hun
|
| 044 |
|
|
|a xo
|c SK
|
| 080 |
|
|
|a 327
|2 1981
|
| 100 |
1 |
|
|a Mérey, Lajos
|4 aut
|9 439404
|
| 245 |
1 |
0 |
|a A pittsburgi szerződés és az autonomia
|c Mérey Lajos
|
| 260 |
|
|
|a Nitra
|b Nákladom vlastným
|c [1930]
|e Nitra
|f Hermes
|
| 300 |
|
|
|a 28 s.
|b faksimile
|c 23 cm
|
| 500 |
|
|
|a Údaj o vročení prevzatý z BK 1930, č. 5726
|
| 650 |
0 |
7 |
|a zahraničná politika
|2 SNKPH
|9 971
|
| 655 |
|
7 |
|a monografie
|2 SNKPH
|9 70139
|
| 852 |
|
|
|a Slovenská národná knižnica
|
| 958 |
|
|
|a EUIPO
|
| 958 |
|
|
|a OND
|
| 958 |
|
|
|a RK
|
| 958 |
|
|
|a TL
|
| 999 |
|
|
|c 693571
|d 695501
|
| 952 |
|
|
|t P60, <04>, [BOOK], {604}
|a SNK
|b SNK
|y VYP
|7 0
|p 17A0407411
|o snkSC 3041/17 D1
|i snkKSK 1019/58
|0 0
|1 0
|4 0
|d 2004-01-08
|l 0
|r 2005-01-02 00:00:00
|w 2026-02-23
|
| 952 |
|
|
|a SNK
|b SNK
|y PREZ
|7 0
|p 17A0755583
|o snkSC 3041/17
|i snk1077/43
|0 0
|1 0
|4 0
|d 2011-11-29
|f 1
|l 0
|r 2025-06-17 00:00:00
|w 2026-02-23
|